¿Tiene responsabilidad Estados Unidos en la violencia de la que huyen? /

Shranjeno v:
Bibliografske podrobnosti
Glavni avtor: Rocha, José Luis
Format: Texto
Oznake: Označite
Brez oznak, prvi označite!

MARC

LEADER 00000 a a2200000 04500
001 48868
003
040
100 |a Rocha, José Luis  
245 |a ¿Tiene responsabilidad Estados Unidos en la violencia de la que huyen? /  |c José Luis Rocha  
773 |a volumen33, número389, (2014), páginas 38-51  
999 |c 25989  |d 25989